El Tancament de caixes / Joaquim de Camps i Arboix
Descripción Física:
60 p. ; 17 cm
Colección:
Episodis de la història ; 19
MARC
| LEADER | 00000nam a2200000Ia 4500 | ||
|---|---|---|---|
| 001 | 11514 | ||
| 008 | 160829s1995 xx 000 0 cat d | ||
| 080 | |a H-1-236 | ||
| 100 | |a Camps i Arboix, Joaquim de |9 24212 | ||
| 245 | |a El Tancament de caixes / Joaquim de Camps i Arboix | ||
| 250 | |a 2a ed. | ||
| 260 | |a Barcelona : |b Rafael Dalmau, |c 1995 | ||
| 300 | |a 60 p. ; |c 17 cm | ||
| 490 | |a Episodis de la història ; 19 | ||
| 650 | |a Catalunya |x Història |x 1899 |9 24213 | ||
| 650 | |a Tancament de Caixes, Catalunya, 1899 |9 24214 | ||
| 901 | |a Arxiu | ||
| 942 | |n 1 | ||
| 952 | |0 0 |1 0 |4 0 |6 H1236 |7 1 |9 43025 |a Arxiu |b Arxiu |d 2016-12-01 |l 0 |o H-1-236 |p 11514 |r 2016-12-01 00:00:00 |w 2016-12-01 |y ARXIU | ||
| 999 | |c 45568 |d 45568 | ||